[Event "11th Eksjo it"]
[Site "Eksjo SWE"]
[Date "1983.08.??"]
[Round "1"]
[White "Regan, Kenneth"]
[Black "Rothen, Hakan"]
[Result "1/2-1/2"]
[WhiteElo "2435"]
[BlackElo "2285"]
[EventDate "1983.08.12"]
[PlyCount "113"]

1.e4 c5 2.c3 Nf6 3.e5 Nd5 4.d4 cxd4 5.cxd4 d6 6.Nf3 Nc6 7.Bc4 Nb6 8.Bb5 
dxe5 9.Nxe5 Bd7 10.Nxd7 Qxd7 11.Nc3 a6 12.Bxc6 bxc6 13.O-O g6 14.Re1 Bg7 
15.Bg5 Nc8 16.Qf3 h6 17.Bf6 Bxf6 18.Qxf6 O-O 19.Qf4 Qd6 20.Qxh6 Qxd4 21.
Rad1 Qg7 22.Qf4 Qf6 23.Qxf6 exf6 24.Na4 Rb8 25.b3 Nb6 26.Nxb6 Rxb6 27.Re7 
Rb5 28.Kf1 a5 29.Rd4 Rc5 30.Ke2 Kg7 31.Kd2 Ra8 32.Rc7 Rh8 33.h3 Rhh5 34.
Rc4 Rhd5+ 35.Kc3 Rf5 36.f3 Rg5 37.g4 Rge5 38.Rxc6 Rxc6 39.Rxc6 Re3+ 40.Kd4
Rxf3 41.Rc3 Rf2 42.a3 f5 43.b4 axb4 44.axb4 fxg4 45.hxg4 Kf6 46.b5 Kg5 47.
Rb3 Rd2+ 48.Ke5 Rd7 49.b6 Rb7 50.Kd5 f5 51.gxf5 gxf5 52.Kc6 Rb8 53.Kc7 Re8
54.b7 f4 55.Kd6 Rb8 56.Ke5 Kg4 57.Ke4 1/2-1/2

[Event "11th Eksjo it"]
[Site "Eksjo SWE"]
[Date "1983.08.??"]
[Round "1"]
[White "Agdestein, Simen"]
[Black "Cocozza, Mario"]
[Result "0-1"]
[WhiteElo "2400"]
[BlackElo "2280"]
[EventDate "1983.08.12"]
[PlyCount "58"]

1.d4 Nf6 2.c4 g6 3.Nc3 d5 4.cxd5 Nxd5 5.Nf3 Bg7 6.e4 Nxc3 7.bxc3 c5 8.Be3 
O-O 9.Rc1 e6 10.Qd2 b6 11.h4 Bb7 12.e5 Bxf3 13.gxf3 Nc6 14.h5 Ne7 15.Bc4 
cxd4 16.cxd4 Qd7 17.Bg5 Nf5 18.hxg6 hxg6 19.Rd1 Rac8 20.Bb3 a5 21.Qf4 f6 
22.exf6 Bxf6 23.Bxf6 Rxf6 24.Qe5 Kg7 25.Qh2 Rf7 26.Kf1 Qb5+ 27.Kg1 Qe2 28.
Qf4 Rc3 29.Kg2 Ne3+ 0-1

[Event "11th Eksjo it"]
[Site "Eksjo SWE"]
[Date "1983.08.??"]
[Round "1"]
[White "Ernst, Thomas"]
[Black "Schneider, Lars-Ake"]
[Result "1-0"]
[WhiteElo "2380"]
[BlackElo "2450"]
[EventDate "1983.08.12"]
[PlyCount "73"]

1.e4 c5 2.Nf3 Nc6 3.d4 cxd4 4.Nxd4 Nf6 5.Nc3 d6 6.Bg5 e6 7.Qd2 a6 8.O-O-O 
Bd7 9.f4 b5 10.Bxf6 gxf6 11.Nxc6 Bxc6 12.Qe1 Qa5 13.Kb1 O-O-O 14.Qh4 Bg7 
15.Qg4 Rhg8 16.f5 Kb8 17.Bd3 b4 18.Ne2 Qe5 19.Rhe1 a5 20.Ng1 Rde8 21.Nf3 
Qc5 22.Qh5 a4 23.Qxf7 a3 24.g4 axb2 25.fxe6 Ref8 26.Qh5 Qxh5 27.gxh5 f5 
28.Ng5 Bc3 29.Nxh7 fxe4 30.Nxf8 exd3 31.e7 Bxe1 32.Rxe1 dxc2+ 33.Kxb2 Be8 
34.Nh7 Rh8 35.Nf6 Kc7 36.h6 d5 37.h7 1-0

[Event "11th Eksjo it"]
[Site "Eksjo SWE"]
[Date "1983.08.??"]
[Round "1"]
[White "Pribyl, Josef"]
[Black "Wiedenkeller, Michael"]
[Result "0-1"]
[WhiteElo "2450"]
[BlackElo "2385"]
[EventDate "1983.08.12"]
[PlyCount "86"]

1.d4 Nf6 2.Bg5 e6 3.e4 h6 4.Bxf6 Qxf6 5.Nf3 c5 6.e5 Qd8 7.d5 Qb6 8.Nc3 g5 
9.Nd2 Qxb2 10.Nde4 Qb4 11.dxe6 fxe6 12.h4 Bg7 13.Rb1 Qd4 14.Qh5+ Ke7 15.
Rh3 Nc6 16.Re3 Qxe5 17.Ng3 Qxe3+ 18.fxe3 Bxc3+ 19.Kd1 d5 20.hxg5 hxg5 21.
Qxg5+ Bf6 22.Qf4 b6 23.Bb5 Ne5 24.Kd2 Bb7 25.Rf1 Raf8 26.Qa4 a5 27.Be2 Rh4
28.Rf4 d4 29.Rxh4 Bxh4 30.Nh5 Bg5 31.Qb3 Bxe3+ 32.Ke1 Nd7 33.g4 Rf2 34.Bc4
Bf3 35.Ng3 Rg2 36.Nf1 Bf2+ 37.Kd2 Bxg4 38.Kc1 Bh4 39.Bd3 Bf3 40.Bb5 Ne5 
41.Ba6 Bg5+ 42.Kb2 Be4 43.Qxb6 Rxc2+ 0-1

[Event "11th Eksjo it"]
[Site "Eksjo SWE"]
[Date "1983.08.??"]
[Round "2"]
[White "Wiedenkeller, Michael"]
[Black "Ernst, Thomas"]
[Result "1-0"]
[WhiteElo "2385"]
[BlackElo "2380"]
[EventDate "1983.08.12"]
[PlyCount "51"]

1.e4 c5 2.Nf3 d6 3.Bb5+ Nd7 4.O-O a6 5.Bxd7+ Bxd7 6.d4 cxd4 7.Qxd4 e6 8.
Bg5 Nf6 9.Nc3 Bc6 10.Rad1 Be7 11.Qe3 O-O 12.Ne5 Ng4 13.Nxg4 Bxg5 14.f4 Be7
15.f5 exf5 16.exf5 Bg5 17.Qg3 Qb6+ 18.Kh1 Qxb2 19.h4 Bxh4 20.Qxh4 Qxc3 21.
Rd3 Bxg2+ 22.Kxg2 Qxc2+ 23.Kh1 f6 24.Rh3 Kf7 25.Nxf6 Qxa2 26.Re3 1-0

[Event "11th Eksjo it"]
[Site "Eksjo SWE"]
[Date "1983.08.??"]
[Round "2"]
[White "Schneider, Lars-Ake"]
[Black "Bass, Leonid"]
[Result "1/2-1/2"]
[WhiteElo "2450"]
[BlackElo "2460"]
[EventDate "1983.08.12"]
[PlyCount "112"]

1.c4 Nf6 2.Nf3 b6 3.g3 c5 4.Bg2 Bb7 5.O-O e6 6.Nc3 Be7 7.Re1 O-O 8.e4 d6 
9.d4 cxd4 10.Nxd4 Qc8 11.b3 Nbd7 12.Bb2 a6 13.Rc1 Qb8 14.f4 Rd8 15.f5 e5 
16.Nc2 b5 17.Ne3 Rc8 18.Kh1 Nc5 19.Ned5 Bxd5 20.Nxd5 Bd8 21.Rc2 b4 22.Bc1 
a5 23.Nxf6+ Bxf6 24.Be3 a4 25.Rd2 axb3 26.axb3 Ra3 27.Rxd6 Nxb3 28.Rb6 Qc7
29.Qg4 Qe7 30.c5 Nxc5 31.Bxc5 Qxc5 32.Rxf6 h5 33.Qg5 Qe7 34.Rg6 Qxg5 35.
Rxg5 f6 36.Rxh5 Rac3 37.Bf1 Rc1 38.Rxc1 Rxc1 39.Kg2 Rc3 40.Rh3 Rc2+ 41.Kg1
b3 42.g4 b2 43.Rb3 Kh7 44.h4 Kh6 45.Rb6 Rd2 46.Rb8 g5 47.Rb6 gxh4 48.Rxf6+
Kg5 49.Rg6+ Kf4 50.Rb6 h3 51.f6 h2+ 52.Kh1 Rd1 53.Rxb2 Rxf1+ 54.Kxh2 Kxg4 
55.Rb5 Rxf6 56.Rxe5 Kf4 1/2-1/2

[Event "11th Eksjo it"]
[Site "Eksjo SWE"]
[Date "1983.08.??"]
[Round "2"]
[White "Rothen, Hakan"]
[Black "Pribyl, Josef"]
[Result "1/2-1/2"]
[WhiteElo "2285"]
[BlackElo "2450"]
[EventDate "1983.08.12"]
[PlyCount "38"]

1.e4 Nf6 2.e5 Nd5 3.Nf3 d6 4.d4 g6 5.Bc4 c6 6.O-O Bg7 7.Re1 O-O 8.Nbd2 
dxe5 9.Nxe5 Nb6 10.c3 Nxc4 11.Ndxc4 Be6 12.Qe2 Nd7 13.Bf4 Re8 14.Nf3 Nb6 
15.Ne3 Nd5 16.Be5 f6 17.Bg3 Nxe3 18.Qxe3 Bd5 19.Nd2 Qd7 1/2-1/2

[Event "11th Eksjo it"]
[Site "Eksjo SWE"]
[Date "1983.08.??"]
[Round "2"]
[White "Agdestein, Simen"]
[Black "Regan, Kenneth"]
[Result "1/2-1/2"]
[WhiteElo "2400"]
[BlackElo "2435"]
[EventDate "1983.08.12"]
[PlyCount "116"]

1.d4 Nf6 2.c4 e6 3.Nf3 b6 4.a3 c5 5.d5 Ba6 6.Qc2 exd5 7.cxd5 Bb7 8.Nc3 
Nxd5 9.Bg5 f6 10.Nxd5 Bxd5 11.Bf4 Be7 12.O-O-O Be6 13.e3 Nc6 14.Bd3 g6 15.
h4 c4 16.Be4 Rc8 17.Bxc6 Rxc6 18.Nd4 Qa8 19.Nxc6 Qxc6 20.f3 O-O 21.Rd2 Rc8
22.Qc3 b5 23.Rhd1 d5 24.e4 b4 25.axb4 Qa4 26.Qa3 Qxb4 27.Qxb4 Bxb4 28.Rc2 
dxe4 29.fxe4 c3 30.bxc3 Bb3 31.Rd3 Bxc2 32.Kxc2 Ba5 33.Be3 Rc7 34.Bd4 Kf7 
35.Rf3 Bb6 36.Bxf6 Ke6 37.Kd3 Rf7 38.Bd4 Rxf3+ 39.gxf3 Bd8 40.Bxa7 Bxh4 
41.f4 h5 42.c4 Be7 43.Ke3 Bd8 44.Kf3 Be7 45.Bg1 Bd8 46.c5 Bh4 47.Bf2 Bd8 
48.Bg3 Kd7 49.f5 gxf5 50.exf5 Be7 51.Bf2 Kc6 52.Kf4 Kd5 53.Bg1 Bf6 54.Bf2 
Be7 55.Be3 Bf6 56.Bg1 Be7 57.Be3 Bf6 58.Kf3 Be7 1/2-1/2

[Event "11th Eksjo it"]
[Site "Eksjo SWE"]
[Date "1983.08.??"]
[Round "3"]
[White "Regan, Kenneth"]
[Black "Cocozza, Mario"]
[Result "1/2-1/2"]
[WhiteElo "2435"]
[BlackElo "2280"]
[EventDate "1983.08.12"]
[PlyCount "62"]

1.e4 c6 2.Nc3 d5 3.Qf3 dxe4 4.Nxe4 Nd7 5.b3 Ngf6 6.Bb2 Nxe4 7.Qxe4 Nf6 8.
Qf3 Bg4 9.Qf4 e6 10.Nf3 Bf5 11.c4 Bd6 12.Qe3 Qc7 13.Be2 Bf4 14.Be5 Bxe3 
15.Bxc7 Bc5 16.O-O Kd7 17.Be5 Rhd8 18.d4 Bd6 19.Rfd1 Ke7 20.c5 Bxe5 21.
Nxe5 Nd5 22.Rac1 Nf4 23.Bf1 Be4 24.Nc4 Bd5 25.Nd6 Rd7 26.Rd2 Nh5 27.Bc4 
Bxc4 28.Rxc4 Nf6 29.Ra4 Ne8 30.Nxe8 Kxe8 31.Kf1 Kd8 1/2-1/2

[Event "11th Eksjo it"]
[Site "Eksjo SWE"]
[Date "1983.08.??"]
[Round "3"]
[White "Pribyl, Josef"]
[Black "Agdestein, Simen"]
[Result "1/2-1/2"]
[WhiteElo "2450"]
[BlackElo "2400"]
[EventDate "1983.08.12"]
[PlyCount "74"]

1.d4 e6 2.e4 d5 3.Nd2 Nf6 4.e5 Nfd7 5.Bd3 c5 6.c3 Nc6 7.Ne2 cxd4 8.cxd4 
Nb6 9.O-O a5 10.Nf3 Be7 11.a3 a4 12.Nc3 Bd7 13.Bc2 Nb8 14.Re1 Bc6 15.Rb1 
Qd7 16.Bg5 Bf8 17.h4 h5 18.Ne2 Nc8 19.Nf4 Ne7 20.Nh2 Na6 21.Nxh5 O-O-O 22.
Nf4 Re8 23.Nf3 Nc7 24.Rc1 Kb8 25.Qd2 Nc8 26.Nd3 Nb6 27.Qd1 Nc4 28.g3 Rc8 
29.Rb1 Na6 30.Qe2 Bb5 31.Qd1 Rc7 32.Kg2 Rg8 33.Rc1 g6 34.Ng1 Bg7 35.Ne2 
Rgc8 36.Bb1 Bf8 37.Rc2 Rc6 1/2-1/2

[Event "11th Eksjo it"]
[Site "Eksjo SWE"]
[Date "1983.08.??"]
[Round "3"]
[White "Bass, Leonid"]
[Black "Wiedenkeller, Michael"]
[Result "0-1"]
[WhiteElo "2460"]
[BlackElo "2385"]
[EventDate "1983.08.12"]
[PlyCount "75"]

1.d4 Nf6 2.c4 e6 3.Nc3 Bb4 4.e3 O-O 5.a3 Bxc3+ 6.bxc3 d5 7.cxd5 exd5 8.Bd3
c5 9.Ne2 Nc6 10.O-O Re8 11.a4 Qa5 12.Rb1 a6 13.f3 Rb8 14.Bc2 Bd7 15.Bd2 b5
16.e4 dxe4 17.fxe4 Nxe4 18.Ng3 Nxg3 19.hxg3 f5 20.Bxf5 Bxf5 21.Rxf5 cxd4 
22.axb5 axb5 23.c4 Qa7 24.cxb5 d3+ 25.Kh1 Nd4 26.Rd5 Re2 27.Qg1 Qa2 28.
Rxd4 Rxd2 29.Rdb4 Re2 30.b6 Qd5 31.Rd4 Qh5+ 32.Qh2 Qg6 33.g4 Rbe8 34.Rg1 
d2 35.Qg3 Qxb6 36.Rd6 Qb4 37.Qd3 Qxg4 38.Rd4 0-1

[Event "11th Eksjo it"]
[Site "Eksjo SWE"]
[Date "1983.08.??"]
[Round "3"]
[White "Ernst, Thomas"]
[Black "Rothen, Hakan"]
[Result "1-0"]
[WhiteElo "2380"]
[BlackElo "2285"]
[EventDate "1983.08.12"]
[PlyCount "69"]

1.e4 c5 2.Nf3 Nf6 3.e5 Nd5 4.Nc3 e6 5.Ne4 f5 6.Nc3 Nc6 7.Nxd5 exd5 8.d4 d6
9.exd6 Bxd6 10.Be2 O-O 11.dxc5 Bxc5 12.O-O f4 13.c3 a5 14.b3 Bg4 15.Bb2 
Qd6 16.Qd2 Rad8 17.Rad1 Kh8 18.Rfe1 Qh6 19.a3 Rf5 20.b4 Bb6 21.Nd4 Nxd4 
22.Bxg4 Qg5 23.cxd4 Qxg4 24.f3 Qh4 25.bxa5 Rh5 26.h3 Bc7 27.Bc3 Qg3 28.Qf2
Rxh3 29.Qxg3 Rxg3 30.Re7 Rc8 31.Rde1 Kg8 32.Bb4 Rg6 33.Re8+ Rxe8 34.Rxe8+ 
Kf7 35.Re7+ 1-0

[Event "11th Eksjo it"]
[Site "Eksjo SWE"]
[Date "1983.08.??"]
[Round "4"]
[White "Cocozza, Mario"]
[Black "Schneider, Lars-Ake"]
[Result "0-1"]
[WhiteElo "2280"]
[BlackElo "2450"]
[EventDate "1983.08.12"]
[PlyCount "152"]

1.e4 e5 2.Nf3 Nc6 3.Bb5 a6 4.Ba4 Nf6 5.O-O Be7 6.Re1 b5 7.Bb3 d6 8.c3 O-O 
9.d4 Bg4 10.Be3 exd4 11.cxd4 Na5 12.Bc2 c5 13.Nbd2 cxd4 14.Bxd4 Nc6 15.Nb3
Rc8 16.h3 Bh5 17.Rc1 Nd7 18.Be3 Bf6 19.g4 Bg6 20.Nfd4 Nxd4 21.Bxd4 Bxd4 
22.Qxd4 Ne5 23.Bd1 Rxc1 24.Nxc1 Qf6 25.Nb3 h5 26.Re3 hxg4 27.hxg4 Qf4 28.
Nd2 Nxg4 29.Bxg4 Qxg4+ 30.Rg3 Qd1+ 31.Kh2 Rc8 32.Rc3 Rxc3 33.Qxc3 Qh5+ 34.
Kg2 Qg4+ 35.Kf1 f6 36.f3 Qf4 37.Ke2 Kh7 38.a3 Qe5 39.Qxe5 dxe5 40.Nb3 Bf7 
41.Nc5 a5 42.b4 a4 43.Ke3 Kh6 44.Kf2 Kg5 45.Kg3 Bc4 46.Nd7 g6 47.Kf2 Be6 
48.Nf8 Bg8 49.Ke3 Kh6 50.Nd7 Kg7 51.Nc5 Bc4 52.Kf2 Kf7 53.Ke3 Be6 54.Kf2 
f5 55.Nd3 Kf6 56.Kg3 Bd7 57.Nc5 Bc6 58.Kf2 Kg5 59.Ke3 Kf6 60.Kf2 g5 61.Kg3
fxe4 62.fxe4 Kg6 63.Kg4 Ba8 64.Kf3 Kh5 65.Kg3 Bc6 66.Kh3 g4+ 67.Kg3 Kg5 
68.Ne6+ Kg6 69.Nc5 Kh5 70.Nd3 Bxe4 71.Nxe5 Bf5 72.Nf7 Bd7 73.Ne5 Be6 74.
Kf4 Kh4 75.Ng6+ Kh3 76.Ke5 Bc4 0-1

[Event "11th Eksjo it"]
[Site "Eksjo SWE"]
[Date "1983.08.??"]
[Round "4"]
[White "Regan, Kenneth"]
[Black "Pribyl, Josef"]
[Result "1/2-1/2"]
[WhiteElo "2435"]
[BlackElo "2450"]
[EventDate "1983.08.12"]
[PlyCount "78"]

1.e4 d6 2.d4 Nf6 3.Nc3 g6 4.Bc4 Nc6 5.Bg5 Bg7 6.f3 e5 7.d5 Ne7 8.Qd2 h6 9.
Be3 Nh5 10.Bb5+ Bd7 11.Bxd7+ Qxd7 12.g4 Nf4 13.Bxf4 exf4 14.Qxf4 g5 15.Qe3
Ng6 16.Nge2 Be5 17.O-O-O c5 18.dxc6 bxc6 19.h4 Nxh4 20.Rxh4 gxh4 21.f4 
Bxc3 22.Qxc3 O-O-O 23.e5 d5 24.Nd4 Kb7 25.f5 Rc8 26.Nb3 Ka8 27.Nc5 Qc7 28.
Rh1 Rhe8 29.e6 Qf4+ 30.Kb1 fxe6 31.Qg7 Rc7 32.Qg6 Rb8 33.b3 Rcc8 34.Nxe6 
Qe4 35.Rc1 h3 36.Qf7 h2 37.Nc7+ Rxc7 38.Qxc7 h1=Q 39.Qxc6+ Rb7 1/2-1/2

[Event "11th Eksjo it"]
[Site "Eksjo SWE"]
[Date "1983.08.??"]
[Round "4"]
[White "Rothen, Hakan"]
[Black "Bass, Leonid"]
[Result "1/2-1/2"]
[WhiteElo "2285"]
[BlackElo "2460"]
[EventDate "1983.08.12"]
[PlyCount "67"]

1.e4 c5 2.Nf3 d6 3.Bb5+ Bd7 4.c4 g6 5.Bxd7+ Qxd7 6.Nc3 Bg7 7.d4 cxd4 8.
Nxd4 Nc6 9.Be3 Nf6 10.f3 O-O 11.O-O Rfc8 12.b3 Qd8 13.Qd2 a6 14.Rfd1 Rab8 
15.Rac1 Nxd4 16.Bxd4 b5 17.Nd5 Nxd5 18.Bxg7 Kxg7 19.cxd5 f6 20.Qf2 Rxc1 
21.Rxc1 Rc8 22.Rc6 Rxc6 23.dxc6 Qc7 24.Qc2 Kf7 25.b4 Ke8 26.h4 Kd8 27.Qb3 
Qxc6 28.Qg8+ Kd7 29.Qxh7 Qc1+ 30.Kh2 Qf4+ 31.g3 Qxf3 32.Qxg6 Qf2+ 33.Kh3 
Qf1+ 34.Kh2 1/2-1/2

[Event "11th Eksjo it"]
[Site "Eksjo SWE"]
[Date "1983.08.??"]
[Round "4"]
[White "Agdestein, Simen"]
[Black "Ernst, Thomas"]
[Result "1/2-1/2"]
[WhiteElo "2400"]
[BlackElo "2380"]
[EventDate "1983.08.12"]
[PlyCount "179"]

1.Nf3 Nf6 2.g3 g6 3.b3 Bg7 4.Bb2 O-O 5.Bg2 d6 6.d4 Nbd7 7.O-O e5 8.dxe5 
Ng4 9.c4 Ngxe5 10.Nxe5 Nxe5 11.Nc3 Be6 12.Qc2 c6 13.Rad1 Qc7 14.Qc1 Rad8 
15.Qa1 f5 16.e3 Ng4 17.Ne2 Nf6 18.Nf4 Bc8 19.Rd3 Qe7 20.h4 Ng4 21.Bxg7 
Qxg7 22.Qxg7+ Kxg7 23.Rfd1 Rf6 24.Ne2 Kf7 25.Nc3 Ke7 26.R3d2 Be6 27.e4 Bg8
28.exf5 gxf5 29.Ne2 Be6 30.Nf4 Bc8 31.Re1+ Kf8 32.Bf3 Re8 33.Red1 Rd8 34.
Re1 Re8 35.Red1 Rd8 36.Bg2 Ne5 37.Re2 Ng6 38.Nxg6+ Rxg6 39.Rd4 Re6 40.Rxe6
Bxe6 41.Kf1 Ke7 42.Ke2 a6 43.Ke3 c5 44.Rd3 b5 45.Bd5 Rg8 46.Bxe6 Kxe6 47.
Kd2 Rg4 48.Re3+ Kd7 49.Kc3 Rd4 50.h5 Rg4 51.h6 b4+ 52.Kd2 Rg6 53.Rf3 Ke6 
54.Re3+ Kf7 55.Rf3 Kf6 56.Rd3 Kg5 57.Re3 f4 58.gxf4+ Kxf4 59.Re7 Rxh6 60.
Ke2 Rh1 61.Rf7+ Ke4 62.Re7+ Kd4 63.Re6 d5 64.cxd5 Kxd5 65.Rxa6 Rg1 66.Ra8 
Rg6 67.Ke3 Re6+ 68.Kd3 Re1 69.Kd2 Ra1 70.Ke3 Re1+ 71.Kd2 Re6 72.Kd3 h6 73.
Rd8+ Rd6 74.Rxd6+ Kxd6 75.Ke4 Ke6 76.Kf4 Kf6 77.Kg4 Kg6 78.Kh4 h5 79.f4 
Kf6 80.Kxh5 Kf5 81.Kh6 Kxf4 82.Kg6 Ke5 83.Kf7 Kd4 84.Ke6 c4 85.bxc4 Kc5 
86.Kd7 Kxc4 87.Kc6 Kc3 88.Kb5 Kb2 89.Kxb4 Kxa2 90.Ka4 1/2-1/2

[Event "11th Eksjo it"]
[Site "Eksjo SWE"]
[Date "1983.08.??"]
[Round "5"]
[White "Bass, Leonid"]
[Black "Agdestein, Simen"]
[Result "1/2-1/2"]
[WhiteElo "2460"]
[BlackElo "2400"]
[EventDate "1983.08.12"]
[PlyCount "49"]

1.d4 Nf6 2.c4 e6 3.Nf3 Bb4+ 4.Bd2 a5 5.g3 d5 6.Qc2 Nc6 7.Bg2 dxc4 8.Qxc4 
Qd5 9.Qxd5 exd5 10.O-O Bg4 11.Be3 Ne7 12.Bf4 Bxf3 13.Bxf3 Nf5 14.e3 c6 15.
a3 Bd6 16.Bxd6 Nxd6 17.a4 Nfe4 18.Rc1 Kd7 19.Be2 g5 20.Bd3 f5 21.Nc3 h5 
22.Be2 h4 23.Nxe4 Nxe4 24.f3 Nd6 25.Bd3 1/2-1/2

[Event "11th Eksjo it"]
[Site "Eksjo SWE"]
[Date "1983.08.??"]
[Round "5"]
[White "Pribyl, Josef"]
[Black "Cocozza, Mario"]
[Result "1/2-1/2"]
[WhiteElo "2450"]
[BlackElo "2280"]
[EventDate "1983.08.12"]
[PlyCount "102"]

1.d4 Nf6 2.c4 g6 3.Nc3 d5 4.Nf3 Bg7 5.Bg5 Ne4 6.cxd5 Nxg5 7.Nxg5 e6 8.Qd2 
exd5 9.Qe3+ Kf8 10.Qf4 Bf6 11.h4 h6 12.Nf3 Kg7 13.O-O-O c6 14.g4 Be6 15.e3
Nd7 16.Bd3 Qb8 17.Qxb8 Raxb8 18.Rhg1 Be7 19.Ne2 g5 20.Bf5 Rbg8 21.hxg5 
hxg5 22.Ng3 Kf8 23.Rh1 Rxh1 24.Rxh1 Nf6 25.Ne5 Bd6 26.Bxe6 fxe6 27.f3 Bxe5
28.dxe5 Nd7 29.Rh6 Kf7 30.Rh7+ Rg7 31.Rxg7+ Kxg7 32.f4 c5 33.Kd2 Nb6 34.
Kd3 a5 35.Ne2 a4 36.Ng1 Nc4 37.b3 axb3 38.axb3 Na5 39.Kc3 d4+ 40.exd4 
cxd4+ 41.Kxd4 Nxb3+ 42.Kc3 Na5 43.fxg5 Nc6 44.Nf3 b5 45.Kd3 Kg6 46.Ke4 b4 
47.Kd3 b3 48.Kc3 Nxe5 49.Nxe5+ Kxg5 50.Kxb3 Kf4 51.Nf3 Kxg4 1/2-1/2

[Event "11th Eksjo it"]
[Site "Eksjo SWE"]
[Date "1983.08.??"]
[Round "5"]
[White "Schneider, Lars-Ake"]
[Black "Wiedenkeller, Michael"]
[Result "0-1"]
[WhiteElo "2450"]
[BlackElo "2385"]
[EventDate "1983.08.12"]
[PlyCount "72"]

1.Nf3 Nf6 2.c4 e6 3.g3 d5 4.Bg2 dxc4 5.Qa4+ Nbd7 6.Qxc4 Rb8 7.O-O b5 8.Qc2
Bb7 9.a4 b4 10.d3 Be7 11.Nbd2 O-O 12.Nc4 c5 13.Bg5 Nb6 14.Na5 Ba8 15.Rfd1 
h6 16.Bxf6 Bxf6 17.Nd2 Bxg2 18.Kxg2 Rc8 19.Nac4 Qd5+ 20.Kg1 Nd7 21.Rac1 h5
22.h4 Be7 23.e4 Qc6 24.Nf3 Bf6 25.Qe2 e5 26.Nfd2 g6 27.Ne3 Qe6 28.Ndc4 Nb8
29.Nd5 Nc6 30.Qe3 Nd4 31.Nd2 Bg7 32.Nf3 Nb3 33.Rc4 f5 34.Qg5 fxe4 35.Ne7+ 
Kf7 36.Nxc8 exf3 0-1

[Event "11th Eksjo it"]
[Site "Eksjo SWE"]
[Date "1983.08.??"]
[Round "5"]
[White "Ernst, Thomas"]
[Black "Regan, Kenneth"]
[Result "1-0"]
[WhiteElo "2380"]
[BlackElo "2435"]
[EventDate "1983.08.12"]
[PlyCount "80"]

1.e4 c5 2.Nf3 g6 3.d4 Bg7 4.c4 d6 5.d5 e5 6.Nc3 Ne7 7.h4 Bg4 8.Be2 Bxf3 9.
Bxf3 h5 10.a3 Nd7 11.b4 Bh6 12.Bb2 Nc8 13.g3 a6 14.Be2 Ncb6 15.Na4 Nxa4 
16.Qxa4 O-O 17.O-O a5 18.Qb5 axb4 19.axb4 Rxa1 20.Rxa1 cxb4 21.Qxb4 Qc7 
22.Bc3 Nc5 23.Qb1 f5 24.exf5 gxf5 25.Bxh5 Ne4 26.Qb4 f4 27.Be1 fxg3 28.
fxg3 Be3+ 29.Kg2 Qh7 30.Be2 Nf2 31.Bxf2 Rxf2+ 32.Kh3 Rxe2 33.Ra8+ Kg7 34.
Qxb7+ Kh6 35.Qc8 Qg7 36.Qe6+ Kh7 37.Qf5+ Kh6 38.Re8 Qxg3+ 39.Kxg3 Bf4+ 40.
Kf3 Re3+ 1-0

[Event "11th Eksjo it"]
[Site "Eksjo SWE"]
[Date "1983.08.??"]
[Round "6"]
[White "Cocozza, Mario"]
[Black "Wiedenkeller, Michael"]
[Result "0-1"]
[WhiteElo "2280"]
[BlackElo "2385"]
[EventDate "1983.08.12"]
[PlyCount "62"]

1.e4 e6 2.d4 d5 3.Nd2 c5 4.exd5 Qxd5 5.Ngf3 cxd4 6.Bc4 Qd8 7.O-O Nc6 8.Nb3
Nf6 9.Qe2 a6 10.Rd1 b5 11.Nbxd4 Nxd4 12.Rxd4 Qb6 13.Bb3 Bc5 14.Rd1 Bb7 15.
Bg5 Ne4 16.Bh4 g5 17.Bg3 h5 18.Be5 Bxf2+ 19.Kf1 f6 20.Nxg5 Nxg5 21.Bxf6 
Rg8 22.Qxh5+ Nf7 23.g3 Bxg3 24.hxg3 Rxg3 25.Bd4 Qc6 26.Rd2 O-O-O 27.Rad1 
Rxd4 28.Bxe6+ Kb8 29.Bxf7 Qf6+ 30.Rf2 Bg2+ 31.Kg1 Bf3+ 0-1

[Event "11th Eksjo it"]
[Site "Eksjo SWE"]
[Date "1983.08.??"]
[Round "6"]
[White "Regan, Kenneth"]
[Black "Bass, Leonid"]
[Result "0-1"]
[WhiteElo "2435"]
[BlackElo "2460"]
[EventDate "1983.08.12"]
[PlyCount "124"]

1.e4 c6 2.c4 d5 3.cxd5 cxd5 4.exd5 Nf6 5.Nc3 Nxd5 6.Nf3 Nc6 7.d4 e6 8.Bd3 
Be7 9.O-O O-O 10.a3 Nf6 11.Bc2 b6 12.Qd3 Bb7 13.b4 Rc8 14.Bb2 g6 15.Bb3 
Nb8 16.Ne5 Nd5 17.Ne4 Nd7 18.Rad1 N7f6 19.Ng5 Nh5 20.Ngf3 Nhf4 21.Qd2 Bg5 
22.Kh1 Bf6 23.b5 a6 24.a4 Be7 25.Bxd5 Nxd5 26.Qh6 Bf6 27.Ba3 Bg7 28.Qh3 
Re8 29.Nxf7 Kxf7 30.Qxh7 Qf6 31.Ne5+ Qxe5 32.dxe5 Rh8 33.Qxh8 Bxh8 34.Rfe1
Bg7 35.Rd3 Bh6 36.bxa6 Bxa6 37.Rf3+ Kg7 38.h4 Bd2 39.Rb1 Rc4 40.h5 Rh4+ 
41.Rh3 Rxh3+ 42.gxh3 gxh5 43.Bb2 Kg6 44.Bd4 Ba5 45.Kg2 Kf5 46.f3 Bd3 47.
Rb2 Kf4 48.Kf2 h4 49.Ra2 Bf5 50.Re2 Bxh3 51.Bb2 Kg5 52.Bc1+ Kg6 53.Re4 Kh5
54.Rc4 Bf5 55.Rc8 Kg6 56.Bb2 h3 57.Bd4 Nf4 58.Be3 h2 59.Rh8 Bh3 60.Rh6+ 
Kxh6 61.Bxf4+ Kg6 62.Bxh2 Bf5 0-1

[Event "11th Eksjo it"]
[Site "Eksjo SWE"]
[Date "1983.08.??"]
[Round "6"]
[White "Pribyl, Josef"]
[Black "Ernst, Thomas"]
[Result "1-0"]
[WhiteElo "2450"]
[BlackElo "2380"]
[EventDate "1983.08.12"]
[PlyCount "87"]

1.Nf3 d5 2.c4 e6 3.b3 Nf6 4.Bb2 Be7 5.g3 O-O 6.Bg2 c5 7.O-O Nc6 8.e3 b6 9.
Nc3 Bb7 10.cxd5 exd5 11.d4 Rc8 12.Rc1 Ne4 13.Qd3 Nxc3 14.Bxc3 Qd7 15.Rfd1 
Rfd8 16.h4 h6 17.Kh2 Rb8 18.Bb2 Qe6 19.Rd2 Nb4 20.Qb1 Nc6 21.Rcd1 Bf8 22.
Qa1 f6 23.Qb1 Qe4 24.Qc1 Qe6 25.Ba3 Nb4 26.dxc5 bxc5 27.Bxb4 cxb4 28.Nd4 
Qb6 29.Bh3 Bc8 30.Qc6 Bxh3 31.Kxh3 Bc5 32.Qxb6 Rxb6 33.Nf5 Bf8 34.h5 Rb5 
35.Nd4 Rb6 36.Ne2 Ra6 37.Nf4 d4 38.exd4 Bd6 39.Ne6 Rc8 40.d5 Ra5 41.Re2 
Kf7 42.Rd4 Be5 43.Rc4 Re8 44.Rd2 1-0

[Event "11th Eksjo it"]
[Site "Eksjo SWE"]
[Date "1983.08.??"]
[Round "6"]
[White "Rothen, Hakan"]
[Black "Schneider, Lars-Ake"]
[Result "1/2-1/2"]
[WhiteElo "2285"]
[BlackElo "2450"]
[EventDate "1983.08.12"]
[PlyCount "78"]

1.e4 e5 2.d4 exd4 3.Qxd4 Nc6 4.Qa4 Bc5 5.Nf3 d6 6.Nc3 Ne7 7.Bg5 Bd7 8.Bb5 
a6 9.Bxc6 Bxc6 10.Qb3 Qd7 11.Nd5 Bxd5 12.exd5 h6 13.Be3 Bxe3 14.Qxe3 O-O 
15.Qd3 Rfe8 16.O-O Ng6 17.g3 Ne5 18.Nxe5 Rxe5 19.f4 Re7 20.Rae1 Rae8 21.
Rxe7 Rxe7 22.Rf3 Qa4 23.a3 Re1+ 24.Rf1 Re4 25.b4 f5 26.Kf2 a5 27.Rb1 b6 
28.Rb3 g6 29.b5 Qc4 30.Rc3 Qxd3 31.cxd3 Re7 32.a4 g5 33.Rc2 gxf4 34.gxf4 
Rg7 35.Kf3 Kf7 36.Rg2 Rh7 37.h4 Rh8 38.Rc2 Rc8 39.h5 Kf6 1/2-1/2

[Event "11th Eksjo it"]
[Site "Eksjo SWE"]
[Date "1983.08.??"]
[Round "7"]
[White "Bass, Leonid"]
[Black "Pribyl, Josef"]
[Result "1/2-1/2"]
[WhiteElo "2460"]
[BlackElo "2450"]
[EventDate "1983.08.12"]
[PlyCount "43"]

1.d4 Nf6 2.c4 g6 3.Nc3 d5 4.Nf3 Bg7 5.Qb3 dxc4 6.Qxc4 O-O 7.e4 Bg4 8.Be3 
Nfd7 9.Qb3 Nb6 10.Rd1 Nc6 11.d5 Ne5 12.Be2 Nxf3+ 13.gxf3 Bh5 14.Rg1 Qd7 
15.a4 Qh3 16.Rg3 Qxh2 17.Bf1 Nd7 18.Rh3 Ne5 19.Rxh2 Nxf3+ 20.Ke2 Nd4+ 21.
Kd3 Nxb3 22.Rxh5 1/2-1/2

[Event "11th Eksjo it"]
[Site "Eksjo SWE"]
[Date "1983.08.??"]
[Round "7"]
[White "Schneider, Lars-Ake"]
[Black "Agdestein, Simen"]
[Result "0-1"]
[WhiteElo "2450"]
[BlackElo "2400"]
[EventDate "1983.08.12"]
[PlyCount "72"]

1.e4 d6 2.d4 Nf6 3.Nc3 g6 4.f4 Bg7 5.Nf3 O-O 6.Be3 Na6 7.e5 Ng4 8.Bg1 c5 
9.h3 cxd4 10.Bxd4 dxe5 11.fxe5 Nh6 12.g4 Nb4 13.Bg2 Qa5 14.Be3 Bxg4 15.
hxg4 Nxg4 16.Bf4 Nxe5 17.Qe2 Ng4 18.a3 Nd5 19.Bd2 Nxc3 20.bxc3 Bxc3 21.Qe4
Rad8 22.Qxg4 Bxd2+ 23.Kf1 Qb5+ 24.Kf2 Qc5+ 25.Kg3 h5 26.Qe4 Ba5 27.Bf1 
Bc7+ 28.Kg2 Rd6 29.Bd3 Rf6 30.Qxb7 Rf4 31.Qb5 Rg4+ 32.Kf1 Qe3 33.Be2 Bb6 
34.Ke1 Rg2 35.Qe5 Ba5+ 36.Kd1 Rd8+ 0-1

[Event "11th Eksjo it"]
[Site "Eksjo SWE"]
[Date "1983.08.??"]
[Round "7"]
[White "Ernst, Thomas"]
[Black "Cocozza, Mario"]
[Result "1/2-1/2"]
[WhiteElo "2380"]
[BlackElo "2280"]
[EventDate "1983.08.12"]
[PlyCount "74"]

1.e4 c6 2.d4 d5 3.Nd2 dxe4 4.Nxe4 Nd7 5.Nf3 Ngf6 6.Nxf6+ Nxf6 7.Ne5 Be6 8.
Be2 g6 9.O-O Bg7 10.c4 O-O 11.Be3 Ne8 12.Qb3 Nd6 13.Rfd1 Qb6 14.f4 f6 15.
Nf3 Qxb3 16.axb3 b6 17.d5 cxd5 18.Nd4 Bd7 19.cxd5 Rfc8 20.Ba6 Rc7 21.Rac1 
Rxc1 22.Rxc1 Kf8 23.Nc6 Ke8 24.b4 e6 25.dxe6 Bxe6 26.Bd3 f5 27.Bd4 Bxd4+ 
28.Nxd4 Bd7 29.Re1+ Kf7 30.Nf3 Kf6 31.Ne5 Bb5 32.Bxb5 Nxb5 33.Rd1 Rc8 34.
h4 Rc2 35.Rd7 Rxb2 36.Rxh7 Nd4 37.Kf1 Ne2 1/2-1/2

[Event "11th Eksjo it"]
[Site "Eksjo SWE"]
[Date "1983.08.??"]
[Round "8"]
[White "Ernst, Thomas"]
[Black "Bass, Leonid"]
[Result "1/2-1/2"]
[WhiteElo "2380"]
[BlackElo "2460"]
[EventDate "1983.08.12"]
[PlyCount "54"]

1.e4 c5 2.Nf3 d6 3.d4 cxd4 4.Nxd4 Nf6 5.Nc3 e6 6.g4 h6 7.h4 Nc6 8.Rg1 h5 
9.g5 Ng4 10.Be2 g6 11.Nxc6 bxc6 12.Bxg4 hxg4 13.Qxg4 Rb8 14.b3 Qa5 15.Bd2 
Qa3 16.Na4 Bg7 17.c3 d5 18.Bc1 Qxa4 19.bxa4 Bxc3+ 20.Kf1 Bxa1 21.Ba3 e5 
22.Qf3 Rxh4 23.Qf6 Bh3+ 24.Rg2 Rb1+ 25.Ke2 Rxe4+ 26.Kd2 Rd4+ 27.Ke2 Re4+ 
1/2-1/2